000 00309 a2200109 4500
001 ART_11453
005 20260410161857.0
008 260409a
245 1 0 _aIntegración latinoamericana
100 1 _aFerro, Gustavo
773 0 _tRevista de Economía
_g- Nº 67 (abr./dic. 1992)
_wREV11077
999 _c25590
_d25590